La pensée politique de Shakespeare (notice n° 1567139)

détails MARC
000 -LEADER
fixed length control field 01881cam a2200145 4500500
005 - DATE AND TIME OF LATEST TRANSACTION
control field 20251214002554.0
041 ## - LANGUAGE CODE
Language code of text/sound track or separate title fre
042 ## - AUTHENTICATION CODE
Authentication code dc
100 10 - MAIN ENTRY--PERSONAL NAME
Personal name Bloom, Allan
Relator term author
245 00 - TITLE STATEMENT
Title La pensée politique de Shakespeare
260 ## - PUBLICATION, DISTRIBUTION, ETC.
Name of publisher, distributor, etc. Armand Colin,<br/>
Date of publication, distribution, etc. 2021.<br/>
520 ## - SUMMARY, ETC.
Summary, etc. Il semble clair que Shakespeare a véritablement et consciemment conçu ses oeuvres comme les vecteurs de sa sagesse politique — ses pièces historiques en fournissent la preuve. Shakespeare a cherché à y développer un point de vue raisonnable sur la nature du régime anglais et sur la façon dont il devait être accepté et révéré par les générations ultérieures d’Anglais. Il a réussi dans son entreprise, car les Anglais, à bien des égards, comprennent véritablement leur histoire de la façon dont il l’a dépeinte. Sur ce point, son dessein était clairement politique. C’est en se référant d’abord aux préoccupations de la société civile qu’il a compris ce qui pouvait éblouir et passionner son public. Est-il vraisemblable que ce ne fût là rien de plus qu’une série d’histoires bonnes pour le théâtre ? Peut-on raisonnablement prétendre que Shakespeare s’est jeté précipitamment dans la composition de pièces historiques parce qu’il avait besoin d’argent, ou encore qu’il ignorait les faits les plus importants de l’histoire anglaise parce qu’il n’avait jamais fait d’études ? Ce serait comme dire que Jefferson, sans s’intéresser vraiment aux principes politiques, a écrit la Déclaration d’indépendance parce qu’il voulait être célèbre, et que le succès de cette déclaration tient au fait qu’elle fournit un excellent discours de 4 juillet…
700 10 - ADDED ENTRY--PERSONAL NAME
Personal name Jaffa, Harry V.
Relator term author
856 41 - ELECTRONIC LOCATION AND ACCESS
Uniform Resource Identifier <a href="https://shs.cairn.info/la-pensee-politique-de-shakespeare--9782200629526?lang=fr&redirect-ssocas=7080">https://shs.cairn.info/la-pensee-politique-de-shakespeare--9782200629526?lang=fr&redirect-ssocas=7080</a>

Pas d'exemplaire disponible.

PLUDOC

PLUDOC est la plateforme unique et centralisée de gestion des bibliothèques physiques et numériques de Guinée administré par le CEDUST. Elle est la plus grande base de données de ressources documentaires pour les Étudiants, Enseignants chercheurs et Chercheurs de Guinée.

Adresse

627 919 101/664 919 101

25 boulevard du commerce
Kaloum, Conakry, Guinée

Réseaux sociaux

Powered by Netsen Group @ 2025